[Event "East Lansing (Class A/3/2)"]
[Site "?"]
[Date "1995.??.??"]
[Round "?"]
[White "Ward, Tim"]
[Black "Bauerle, Paul"]
[Result "1/2-1/2"]
[WhiteElo "1910"]
[BlackElo "1950"]
[PlyCount "129"]
[EventDate "1995.??.??"]

{3/(2)} 1. d4 Nf6 2. c4 g6 3. Nc3 Bg7 4. e4 d6 5. f3 O-O 6. Be3 e5 7. d5 Nbd7
8. Bd3 Nc5 9. Bc2 a5 10. Qd2 b6 11. O-O-O Bd7 12. a4 Ne8 13. g4 f5 14. gxf5
gxf5 15. h4 f4 16. Bf2 Nf6 17. h5 h6 18. Bh4 Qe8 19. Bxf6 Rxf6 20. Nb5 Bxb5 21.
cxb5 Qf7 22. Ne2 Kh8 23. Rdg1 Rg8 24. Qe1 Bf8 25. Qh4 Be7 26. Rxg8+ Qxg8 27.
Rg1 Qh7 28. Qg4 Rf8 29. Rg2 Rg8 30. Qh3 Rxg2 31. Qxg2 Qg7 32. Qh3 Bd8 33. Kd1
Nd7 34. Ke1 Nf6 35. Kf1 Qg5 36. Nc1 Qxh5 37. Qxh5 Nxh5 38. Nd3 Ng3+ 39. Kg2 Kg7
40. Bd1 Kg6 41. b4 axb4 42. Nxb4 Nh5 43. Be2 Kg5 44. Nc6 Bf6 45. Nb8 Kg6 46.
Na6 Bd8 47. Bd3 Nf6 48. Nb8 Nh7 49. Na6 h5 50. Be2 Kf7 51. Nb4 Ke8 52. Bd1 Bh4
53. Nd3 Ng5 54. Nf2 Bxf2 55. Kxf2 h4 56. Kg2 h3+ 57. Kh2 Kf7 58. Be2 Kg6 59.
Bd1 Kh5 60. Be2 Kh4 61. Bd1 Nf7 62. Bb3 Nd8 63. Bc2 Nb7 64. Bb3 Nc5 65. Bc2
1/2-1/2

[Event "Flint (MI Senior/4/4)"]
[Site "?"]
[Date "1995.??.??"]
[Round "?"]
[White "Waltz, Glenn"]
[Black "Pulsipher, D."]
[Result "0-1"]
[WhiteElo "1605"]
[BlackElo "1770"]
[PlyCount "96"]
[EventDate "1995.??.??"]

{4/(4)} 1. d4 Nf6 2. c4 e5 3. e3 Bb4+ 4. Nc3 exd4 5. exd4 O-O 6. Nf3 Re8+ 7.
Be2 Qe7 8. Bd2 d6 9. a3 Bxc3 10. bxc3 Bf5 11. Be3 Ng4 12. Bc1 Nd7 13. Ra2 c5
14. O-O Nb6 15. Re1 Qd7 16. dxc5 dxc5 17. Qxd7 Bxd7 18. Bf4 Na4 19. Rc2 Bf5 20.
Rcc1 Nf6 21. Ne5 Rad8 22. Bf3 Bc8 23. Bg5 Rd6 24. Bxf6 Rxf6 25. Bd5 Nb6 26.
Rcd1 Be6 27. Ng4 Rg6 28. Bxe6 Rgxe6 29. Rxe6 fxe6 30. Ne5 Kf8 31. Nd7+ Nxd7 32.
Rxd7 Re7 33. Rd3 Ke8 34. Kf1 Rd7 35. Ke2 Rf7 36. Rf3 Rf5 37. Re3 Ke7 38. g4 Rf4
39. f3 Rxc4 40. Kd3 Ra4 41. h4 Rxa3 42. Kc4 Kd6 43. Rd3+ Kc6 44. Rd8 b5+ 45.
Kd3 b4 46. Ke4 bxc3 47. Ke5 c2 48. Rd6+ Kb7 0-1

[Event "Flint (MI Senior/2/5)"]
[Site "?"]
[Date "1995.??.??"]
[Round "?"]
[White "Waltz, Glenn"]
[Black "Poniatowski, Don"]
[Result "1/2-1/2"]
[WhiteElo "1605"]
[BlackElo "1605"]
[PlyCount "104"]
[EventDate "1995.??.??"]

{2/(5)} 1. d4 d5 2. c4 e6 3. Nf3 Nf6 4. Bg5 c5 5. cxd5 exd5 6. Nc3 Be7 7. e3
O-O 8. Bd3 h6 9. Bxf6 Bxf6 10. O-O cxd4 11. exd4 Bg4 12. Bc2 Nc6 13. Ne2 Bxf3
14. gxf3 Qb6 15. Bb3 Nxd4 16. Nxd4 Bxd4 17. Qd2 Rfe8 18. Rae1 Rxe1 19. Rxe1 Kf8
20. Rd1 Qg6+ 21. Kh1 Bb6 22. Qb4+ Kg8 23. Bxd5 Re8 24. Qc4 Qf6 25. Qa4 Qe7 26.
Be4 Rc8 27. Re1 Qd8 28. Bxb7 Rb8 29. Bc6 Qd4 30. Re8+ Rxe8 31. Bxe8 Qxa4 32.
Bxa4 Bxf2 33. Kg2 Bc5 34. f4 Kf8 35. Kf3 Ke7 36. Ke4 Kd6 37. Bb3 Ke7 38. Bd5
Kf6 39. a3 a5 40. Kd3 g5 41. fxg5+ hxg5 42. Ke4 Kg6 43. Kd3 f5 44. Kc4 Bd6 45.
h3 g4 46. hxg4 fxg4 47. b4 axb4 48. axb4 Kg5 49. b5 g3 50. b6 Kf4 51. Kd3 Be5
52. Bg2 Bd6 1/2-1/2

[Event "Eastpointe (EDO/2/11)"]
[Site "?"]
[Date "1995.??.??"]
[Round "?"]
[White "Walters, G."]
[Black "Wensink, E."]
[Result "1-0"]
[WhiteElo "1780"]
[BlackElo "1605"]
[PlyCount "52"]
[EventDate "1995.??.??"]

{2/(11)} 1. Nf3 d5 2. c4 dxc4 3. e3 Nf6 4. Bxc4 Nc6 5. d4 e6 6. O-O Bd6 7. Nc3
O-O 8. e4 Bb4 9. Bg5 h6 10. Bh4 g5 11. Bg3 Bxc3 12. bxc3 Nxe4 13. Qc2 Nxg3 14.
fxg3 Qf6 15. d5 exd5 16. Bxd5 Be6 17. Bxc6 bxc6 18. Nd4 Qg7 19. Nxc6 Rae8 20.
Rf2 Bc4 21. Rd1 Re3 22. Rfd2 Rfe8 23. Rd8 Qf6 24. Qd2 Qxc6 25. Qxe3 Bb5 26. Qe7
Qc5+ 1-0

[Event "Eastpointe (EDO/4/7)"]
[Site "?"]
[Date "1995.??.??"]
[Round "?"]
[White "Walters, G."]
[Black "Moore, Robert"]
[Result "1-0"]
[WhiteElo "1780"]
[BlackElo "1700"]
[PlyCount "120"]
[EventDate "1995.??.??"]

{4/(7)} 1. Nf3 Nf6 2. c4 d6 3. g3 g6 4. d4 Bg7 5. Nc3 O-O 6. Bg2 Nbd7 7. e4 c5
8. d5 a6 9. O-O Nb6 10. Qd3 Bd7 11. Rb1 Na4 12. Nxa4 Bxa4 13. b3 Bd7 14. Nd2
Ng4 15. Bb2 Bxb2 16. Rxb2 f5 17. f3 Ne5 18. Qe3 Nf7 19. f4 Qc7 20. Re1 Rae8 21.
e5 e6 22. dxe6 Bxe6 23. Nf3 Bc8 24. Rbe2 Bd7 25. Qd2 Re6 26. Ng5 Nxg5 27. fxg5
Bc6 28. Bd5 Bxd5 29. Qxd5 Qf7 30. exd6 Rxe2 31. Rxe2 Qxd5 32. cxd5 Rd8 33. Re6
Rd7 34. Kf2 b5 35. Ke3 Kf7 36. Kd3 Kf8 37. Kc3 Kf7 38. a4 Kf8 39. a5 Kf7 40. h4
Kf8 41. b4 c4 42. Kd4 Rd8 43. Ke5 c3 44. Kd4 c2 45. Re1 Rxd6 46. Rc1 Rd7 47.
Rxc2 Ke7 48. Re2+ Kd8 49. Re6 Ra7 50. Kc5 Ra8 51. d6 Rc8+ 52. Kd5 Rc4 53. Re7
Rxb4 54. Ke6 Re4+ 55. Kf7 b4 56. Rb7 Rd4 57. Ke6 Re4+ 58. Kd5 Rg4 59. Kc6 Rc4+
60. Kb6 b3 1-0

[Event "East Lansing (MOR/6/13)"]
[Site "?"]
[Date "1995.??.??"]
[Round "?"]
[White "Walquist, Elaine"]
[Black "Stacey, William"]
[Result "1-0"]
[WhiteElo "1710"]
[BlackElo "1605"]
[PlyCount "56"]
[EventDate "1995.??.??"]

{6/(13)} 1. e4 e5 2. Nf3 Nc6 3. d4 exd4 4. c3 Nf6 5. e5 Ng4 6. cxd4 g6 7. h3
Nh6 8. Bg5 Ne7 9. Bc4 d6 10. Qb3 d5 11. Bxe7 dxc4 12. Qb5+ Qd7 13. Qxd7+ Bxd7
14. Bf6 Rg8 15. g4 Bc6 16. Nbd2 Bb4 17. O-O Bd5 18. Bg5 Bf8 19. Rac1 b5 20.
Rfe1 Bg7 21. Ne4 Bxe4 22. Rxe4 Rf8 23. Bf6 Bxf6 24. exf6+ Kd8 25. Rce1 Ng8 26.
g5 Kc8 27. Re8+ Rxe8 28. Rxe8+ Kd7 1-0

[Event "East Lansing (Class B/2/3)"]
[Site "?"]
[Date "1995.??.??"]
[Round "?"]
[White "Walquist, Elaine"]
[Black "Smalec, John"]
[Result "1-0"]
[WhiteElo "1745"]
[BlackElo "1705"]
[PlyCount "89"]
[EventDate "1995.??.??"]

{2/(3)} 1. e4 e6 2. d4 d5 3. exd5 exd5 4. Bf4 Nf6 5. Nf3 Bg4 6. h3 Bh5 7. Be2
Bd6 8. Bxd6 Qxd6 9. Nc3 Nc6 10. Nb5 Qd7 11. O-O O-O 12. c3 a6 13. Na3 Ne4 14.
Nc2 Rae8 15. Nce1 f5 16. Nd3 Rf6 17. Nfe5 Nxe5 18. Nxe5 Rxe5 19. dxe5 Bxe2 20.
Qxe2 Rg6 21. Qd3 f4 22. Rad1 c6 23. Qxe4 Qxh3 24. Rd3 Qh4 25. Qf3 Rh6 26. Qh3
Qe7 27. Qc8+ Kf7 28. Qf5+ Kg8 29. Rh3 Rg6 30. Qxf4 Qd7 31. Qh2 h6 32. f4 Qf5
33. Rg3 Re6 34. Qh3 Qf7 35. Re1 Qe7 36. f5 Rxe5 37. Rxe5 Qxe5 38. Re3 Qf4 39.
Qf3 Qd6 40. Re6 Qd8 41. Qh5 Kf8 42. f6 gxf6 43. Qxh6+ Kf7 44. Re2 d4 45. Qh7+
1-0

[Event "East Lansing (MOR/2/11)"]
[Site "?"]
[Date "1995.??.??"]
[Round "?"]
[White "Walquist, Elaine"]
[Black "Scioly, Tony"]
[Result "0-1"]
[WhiteElo "1710"]
[BlackElo "1605"]
[PlyCount "70"]
[EventDate "1995.??.??"]

{2/(11)} 1. e4 c5 2. d4 cxd4 3. c3 d5 4. exd5 Qxd5 5. cxd4 Nc6 6. Be3 Nf6 7.
Nc3 Qa5 8. Bc4 g6 9. Nge2 Bg7 10. O-O O-O 11. Bd2 Qd8 12. Be3 Ng4 13. h3 Nxe3
14. fxe3 a6 15. a3 b5 16. Bd5 Bb7 17. Nf4 e6 18. Ba2 Qg5 19. Ne4 Qd8 20. Nc5
Qc7 21. Rc1 Ra7 22. Nfxe6 fxe6 23. Rxf8+ Bxf8 24. Nxe6 Qd6 25. Qf3 Nb4 26. Ng5+
Bd5 27. Bxd5+ Nxd5 28. e4 Qf4 29. Rf1 Qxf3 30. gxf3 Nf4 31. Kh2 h6 32. h4 hxg5
33. hxg5 Rh7+ 34. Kg3 Ne2+ 35. Kf2 Nxd4 0-1

[Event "East Lansing (Class B/5/2)"]
[Site "?"]
[Date "1995.??.??"]
[Round "?"]
[White "Walquist, Elaine"]
[Black "Moore, Robert"]
[Result "1/2-1/2"]
[WhiteElo "1745"]
[BlackElo "1705"]
[PlyCount "87"]
[EventDate "1995.??.??"]

{5/(2)} 1. e4 c5 2. d4 cxd4 3. c3 dxc3 4. Nxc3 Nc6 5. Bc4 e6 6. Nf3 Bc5 7. O-O
Nge7 8. Bf4 Ng6 9. Bg3 O-O 10. Nb5 e5 11. Rc1 d6 12. Nc3 Be6 13. Bxe6 fxe6 14.
Qe2 Rc8 15. Rfd1 Qe7 16. a3 a6 17. Na4 Ba7 18. Nc3 Nf4 19. Qd2 Nd4 20. Nxd4
Bxd4 21. Ne2 Nxe2+ 22. Qxe2 Qd8 23. b4 Qg5 24. Rb1 Rc3 25. Rd3 Rfc8 26. Rbd1
Rxd3 27. Rxd3 Rc1+ 28. Rd1 Rxd1+ 29. Qxd1 Bb2 30. a4 Qc1 31. Qxc1 Bxc1 32. f3
b5 33. axb5 axb5 34. Be1 Kf7 35. Bc3 Be3+ 36. Kf1 Bd4 37. Bd2 h6 38. Be1 g6 39.
g3 g5 40. g4 Be3 41. Ke2 Bf4 42. h3 d5 43. Kd3 d4 44. Bd2 1/2-1/2

[Event "East Lansing (MOR/4/15)"]
[Site "?"]
[Date "1995.??.??"]
[Round "?"]
[White "Walquist, Elaine"]
[Black "Carroll, R."]
[Result "1-0"]
[WhiteElo "1710"]
[BlackElo "1605"]
[PlyCount "111"]
[EventDate "1995.??.??"]

{4/(15)} 1. e4 e6 2. d4 d5 3. exd5 exd5 4. Bf4 Nf6 5. Nf3 Bb4+ 6. c3 Bd6 7.
Bxd6 Qxd6 8. Bd3 Nc6 9. Qc2 Be6 10. Nbd2 O-O-O 11. O-O-O g6 12. h3 Nd7 13. Rhe1
f6 14. Kb1 Nb6 15. Rc1 Kb8 16. Nb3 Nc4 17. Nc5 Bc8 18. Bxc4 dxc4 19. Qa4 b6 20.
Ne4 Bf5 21. Ka1 Bxe4 22. Rxe4 Na5 23. Rce1 Qc6 24. Qc2 Rd5 25. Re6 Rd6 26. Re7
Qd5 27. R1e3 Nc6 28. Rg7 a5 29. Qe2 a4 30. a3 Na5 31. Ree7 Nb3+ 32. Kb1 Qf5+
33. Qc2 Qf4 34. Rxc7 Re8 35. Rce7 Rxe7 36. Rxe7 b5 37. Re8+ Kc7 38. Re7+ Kb6
39. Re2 Qh6 40. Nd2 Qf8 41. Nxb3 axb3 42. Qe4 f5 43. Qe5 Qb8 44. Qc5+ Ka6 45.
Re7 h6 46. h4 Rb6 47. Re5 Qd8 48. a4 Qxh4 49. axb5+ Ka7 50. Re7+ Qxe7 51. Qxe7+
Rb7 52. Qc5+ Kb8 53. Qxc4 Re7 54. Qxb3 Re1+ 55. Ka2 Re2 56. Qg8+ 1-0

[Event "Eastpointe (MCO/2/18)"]
[Site "?"]
[Date "1995.??.??"]
[Round "?"]
[White "Walker, LeRoy"]
[Black "Williams, Claude"]
[Result "1-0"]
[WhiteElo "1900"]
[BlackElo "1605"]
[PlyCount "63"]
[EventDate "1995.??.??"]

{2/(18)} 1. e4 d5 2. exd5 Nf6 3. c4 e6 4. dxe6 Bxe6 5. d4 Bb4+ 6. Bd2 Qe7 7.
Qe2 Nc6 8. Nf3 Bxd2+ 9. Nbxd2 Nb4 10. Nb3 c6 11. a3 Nd3+ 12. Qxd3 Bxc4+ 13. Qe3
Qxe3+ 14. fxe3 Bxb3 15. Bd3 O-O 16. O-O Rfe8 17. Ne5 Re7 18. Rae1 Rae8 19. h3
Nh5 20. Rf3 f6 21. Nc4 Rd8 22. Kf2 Rd5 23. g4 c5 24. Nd2 cxd4 25. e4 Rde5 26.
Nxb3 g6 27. gxh5 Rxh5 28. Rc1 f5 29. exf5 gxf5 30. Rg1+ Kf7 31. Bxf5 Rxh3 32.
Bxh3+ 1-0

[Event "Troy (US Am N/3/19)"]
[Site "?"]
[Date "1995.??.??"]
[Round "?"]
[White "Walker, LeRoy"]
[Black "West, Tony"]
[Result "1/2-1/2"]
[WhiteElo "1935"]
[BlackElo "1605"]
[PlyCount "56"]
[EventDate "1995.??.??"]

{3/(19)} 1. d4 Nf6 2. Nf3 e6 3. e3 c5 4. c3 d5 5. Bd3 Bd6 6. Nbd2 Nc6 7. O-O
O-O 8. e4 cxd4 9. Nxd4 Nxd4 10. cxd4 dxe4 11. Nxe4 Nxe4 12. Bxe4 Qc7 13. f4 Bd7
14. Qh5 g6 15. Qh6 Bc6 16. f5 exf5 17. Bxf5 Bxh2+ 18. Qxh2 Qxh2+ 19. Kxh2 gxf5
20. Rxf5 Be4 21. Re5 Rfe8 22. Bd2 Rad8 23. Bc3 Rxe5 24. dxe5 Rd3 25. Re1 Bf5
26. Kg1 Kf8 27. Kf2 Ke7 28. Rh1 Ke6 1/2-1/2

[Event "East Lansing (MI Op/7/29)"]
[Site "?"]
[Date "1995.??.??"]
[Round "?"]
[White "Walker, LeRoy"]
[Black "Smalec, John"]
[Result "0-1"]
[WhiteElo "1900"]
[BlackElo "1760"]
[PlyCount "24"]
[EventDate "1995.??.??"]

{7/(29)} 1. e4 e6 2. d4 d5 3. e5 c5 4. c3 Nc6 5. Nf3 Bd7 6. Bd3 Rc8 7. a3 cxd4
8. cxd4 Na5 9. Nbd2 f6 10. O-O Be7 11. Re1 Nh6 12. Nf1 Qb6 {0-1, Forfeit by
TD's for unsporstman-like conduct.} 0-1

[Event "Detroit (CMS Jun/3/1/1)"]
[Site "?"]
[Date "1995.??.??"]
[Round "?"]
[White "Walker, LeRoy"]
[Black "Rajlich, Vasik"]
[Result "0-1"]
[WhiteElo "1935"]
[BlackElo "2205"]
[PlyCount "88"]
[EventDate "1995.??.??"]

{3/1} 1. e4 c5 2. Nc3 Nc6 3. Nf3 g6 4. d4 cxd4 5. Nxd4 Bg7 6. Nde2 Nf6 7. g3
O-O 8. Bg2 e6 9. O-O a6 10. Bg5 d6 11. Bf4 e5 12. Bg5 Be6 13. Qd2 Qc7 14. Rfd1
Rfd8 15. Bxf6 Bxf6 16. Nd5 Bxd5 17. Qxd5 Nb4 18. Qb3 Qxc2 19. Qxb4 Qxe2 20. Bf1
Qf3 21. Rd3 Qg4 22. Rxd6 Rxd6 23. Qxd6 Kg7 24. Qb4 Rd8 25. h3 Qc8 26. Re1 Rd4
27. Qb3 Qc6 28. Bg2 Bd8 29. Rd1 Bb6 30. Rxd4 Bxd4 31. Kh2 Bxf2 32. Qd5 Qf6 33.
Qxb7 Bxg3+ 34. Kh1 Qf2 35. Qxa6 Qxb2 36. a4 Qb1+ 37. Qf1 Qa2 38. Qb5 Bf4 39. a5
Qa1+ 40. Bf1 Qe1 41. a6 Qxe4+ 42. Bg2 Qe1+ 43. Bf1 h5 44. a7 Qf2 0-1

[Event "Troy (US Am N/5/29)"]
[Site "?"]
[Date "1995.??.??"]
[Round "?"]
[White "Walker, LeRoy"]
[Black "Munsell, T."]
[Result "1-0"]
[WhiteElo "1935"]
[BlackElo "1605"]
[PlyCount "75"]
[EventDate "1995.??.??"]

{5/(29)} 1. e4 c5 2. Nf3 Nc6 3. d4 cxd4 4. c3 dxc3 5. Nxc3 g6 6. Bc4 Bg7 7. O-O
e6 8. Nb5 Bf8 9. Bf4 Qf6 10. Nc7+ Kd8 11. Bg5 Kxc7 12. Bxf6 Nxf6 13. e5 Ng4 14.
Qe2 Bg7 15. Rac1 Ngxe5 16. Nxe5 Bxe5 17. Bxe6 Bxh2+ 18. Kxh2 fxe6 19. Qe5+ d6
20. Qxh8 h5 21. b4 b5 22. Rxc6+ Kxc6 23. Rc1+ Kd5 24. Rxc8 Rxc8 25. Qxc8 e5 26.
f3 Kd4 27. Kg3 g5 28. Kf2 e4 29. fxe4 Kxe4 30. Qe6+ Kd4 31. Qxd6+ Kc3 32. Ke3
h4 33. Qc5+ Kb2 34. Qd5 g4 35. Kd2 h3 36. Qb3+ Ka1 37. Kc1 hxg2 38. Qb2# 1-0

[Event "Detroit (WCO/1/3)"]
[Site "?"]
[Date "1995.??.??"]
[Round "?"]
[White "Walker, LeRoy"]
[Black "Luckett, A."]
[Result "1-0"]
[WhiteElo "1935"]
[BlackElo "1605"]
[PlyCount "127"]
[EventDate "1995.??.??"]

{1/(3)} 1. e4 c5 2. Nf3 Nc6 3. Nc3 Nf6 4. e5 Ng4 5. Qe2 Qc7 6. Nb5 Qa5 7. c3 b6
8. h3 Nh6 9. d4 Nf5 10. d5 Ncd4 11. Nbxd4 Nxd4 12. Nxd4 cxd4 13. Bd2 dxc3 14.
Bxc3 Qxd5 15. a3 Qc6 16. Rd1 Qg6 17. Qf3 Rb8 18. Bd3 Qe6 19. Be4 g6 20. Bd5 Qf5
21. Qxf5 gxf5 22. Bxf7+ Kxf7 23. e6+ Kg8 24. exd7 Bxd7 25. Rxd7 Bg7 26. Bxg7
Kxg7 27. Rxe7+ Kf6 28. Rxa7 Rbd8 29. O-O f4 30. Rc1 Kg5 31. Rc6 Kh5 32. Rg7
Rhg8 33. Rxh7+ Kg5 34. h4+ Kf5 35. Rxb6 f3 36. Rh5+ Ke4 37. Rb4+ Kd3 38. g3 Ke2
39. Re5+ Kd2 40. Re3 Rgf8 41. Rc4 Kd1 42. Rcc3 Rd2 43. Kf1 Re2 44. Red3+ Rd2
45. Rxf3 Re8 46. Rcd3 Re1+ 47. Kg2 Ree2 48. Rxd2+ Rxd2 49. b4 Ke1 50. b5 Rc2
51. a4 Ra2 52. Rf4 Rb2 53. h5 Rb3 54. h6 Rf3 55. Re4+ Kd2 56. Kxf3 Kd3 57. h7
Kd2 58. Rd4+ Kc2 59. Ke3 Kc3 60. h8=Q Kb3 61. Rd5 Ka2 62. Qc3 Kb1 63. Rd1+ Ka2
64. Ra1# 1-0

[Event "Detroit (CMS Jun/1/1/4)"]
[Site "?"]
[Date "1995.??.??"]
[Round "?"]
[White "Walker, LeRoy"]
[Black "Koernke, R."]
[Result "1-0"]
[WhiteElo "1935"]
[BlackElo "1605"]
[PlyCount "71"]
[EventDate "1995.??.??"]

{1/1} 1. e4 c5 2. Nf3 e6 3. d4 cxd4 4. Nxd4 a6 5. c4 Nf6 6. Qc2 Qc7 7. Bd3 g6
8. Nc3 Bg7 9. Nde2 Nc6 10. Bf4 d6 11. h3 O-O 12. a3 e5 13. Bg5 Ne7 14. Qd2 Be6
15. Rc1 Ne8 16. Nd5 Bxd5 17. exd5 f5 18. f3 f4 19. Bh4 Nf5 20. Bf2 b6 21. O-O
a5 22. Bxf5 gxf5 23. Nc3 Rf6 24. Na4 Rb8 25. Qd3 Qe7 26. Bh4 e4 27. Bxf6 Nxf6
28. fxe4 fxe4 29. Rce1 Bh6 30. Nc3 Re8 31. Rxe4 Nxe4 32. Re1 f3 33. Rxe4 f2+
34. Kf1 Qg5 35. Rxe8+ Kf7 36. Re2 1-0

[Event "East Lansing (MI Op/5/32)"]
[Site "?"]
[Date "1995.??.??"]
[Round "?"]
[White "Walker, LeRoy"]
[Black "Henderson, H."]
[Result "0-1"]
[WhiteElo "1900"]
[BlackElo "1835"]
[PlyCount "51"]
[EventDate "1995.??.??"]

{5/(32)} 1. e4 c5 2. Nf3 Nc6 3. d4 cxd4 4. c3 Nf6 5. e5 Nd5 6. a4 d6 7. exd6
Qxd6 8. Nxd4 Nxd4 9. Qxd4 e5 10. Bb5+ Bd7 11. Bxd7+ Kxd7 12. Qg4+ Qe6 13. Qd1
Kc7 14. O-O Rd8 15. Qe2 Bd6 16. c4 Nf4 17. Bxf4 exf4 18. Qxe6 fxe6 19. Re1 Rhe8
20. Nc3 Bb4 21. Nb5+ Kb8 22. Red1 e5 23. f3 a6 24. Rxd8+ Rxd8 25. Na3 Rd2 26.
Rd1 0-1

[Event "Troy (US Am N/1/17)"]
[Site "?"]
[Date "1995.??.??"]
[Round "?"]
[White "Walker, LeRoy"]
[Black "Hartwig, Thomas"]
[Result "0-1"]
[WhiteElo "1935"]
[BlackElo "1605"]
[PlyCount "88"]
[EventDate "1995.??.??"]

{1/(17)} 1. e4 c5 2. d4 cxd4 3. c3 dxc3 4. Nxc3 Nc6 5. Nf3 e6 6. Bc4 a6 7. O-O
Bb4 8. Qe2 Bxc3 9. bxc3 Nge7 10. Rd1 O-O 11. h4 b5 12. Bd3 Bb7 13. e5 Nd5 14.
Bxh7+ Kh8 15. Ng5 g6 16. Rxd5 exd5 17. Ba3 b4 18. cxb4 Qe7 19. Qb2 Qxe5 20.
Qxe5+ Nxe5 21. Bb2 f6 22. Bxe5 fxe5 23. Bxg6 Rf4 24. Nf7+ Kg7 25. Nxe5 d6 26.
Nd3 Rxh4 27. Bf5 Bc8 28. Bxc8 Rxc8 29. g3 Rd4 30. Nf4 Rxb4 31. Nxd5 Rbc4 32.
Kg2 Rc1 33. Rxc1 Rxc1 34. Ne3 Kf6 35. Kf3 Ra1 36. Nc4 Ke6 37. a3 d5 38. Ne3
Rxa3 39. Kf4 Rxe3 40. Kxe3 a5 41. g4 a4 42. Kd4 a3 43. Kc3 d4+ 44. Kxd4 a2 0-1

[Event "Eastpointe (MCO/3/8)"]
[Site "?"]
[Date "1995.??.??"]
[Round "?"]
[White "Walker, LeRoy"]
[Black "Harris, T."]
[Result "1/2-1/2"]
[WhiteElo "1900"]
[BlackElo "2065"]
[PlyCount "89"]
[EventDate "1995.??.??"]

{3/(8)} 1. e4 c5 2. Nc3 Nc6 3. Nge2 e6 4. g3 d5 5. exd5 exd5 6. d4 Bg4 7. Bg2
Nxd4 8. Qd3 Nxe2 9. Nxe2 Nf6 10. Bg5 Be7 11. Bxf6 Bxf6 12. Bxd5 O-O 13. O-O-O
Qb6 14. c3 Rad8 15. Qc2 Qa6 16. f3 Bh5 17. Be4 Qxa2 18. Bxh7+ Kh8 19. g4 Bxg4
20. Qe4 Be6 21. Qb1 Qa6 22. Bd3 Bc4 23. Bxc4 Qxc4 24. Qe4 Qxe4 25. fxe4 g6 26.
Rd5 Rxd5 27. exd5 Rd8 28. c4 Kg7 29. Ng3 Bg5+ 30. Kc2 f5 31. h4 Bf4 32. Ne2 Be5
33. Nc1 Kf6 34. Nd3 Bd6 35. h5 gxh5 36. Rxh5 Kg6 37. Rh1 Rd7 38. Kd2 f4 39. b4
b6 40. bxc5 bxc5 41. Ra1 Kf5 42. Ra5 Ke4 43. Nxc5+ Bxc5 44. Rxc5 f3 45. Rc8
1/2-1/2

[Event "East Lansing (MI Op/1b/4)"]
[Site "?"]
[Date "1995.??.??"]
[Round "?"]
[White "Walker, LeRoy"]
[Black "Fischvogt, Eric"]
[Result "1/2-1/2"]
[WhiteElo "1900"]
[BlackElo "2220"]
[PlyCount "114"]
[EventDate "1995.??.??"]

1. e4 e6 2. d4 d5 3. Nd2 Nf6 4. e5 Ne4 5. Nxe4 dxe4 6. Ne2 c5 7. c3 Nc6 8. Be3
cxd4 9. Bxd4 Bd7 10. Qc2 Nxd4 11. Nxd4 Qb6 12. Rb1 Bc5 13. Qxe4 Bc6 14. Qh4 g5
15. Qxg5 Bxd4 16. cxd4 Qxd4 17. Qe3 O-O-O 18. Qxd4 Rxd4 19. f3 Rg8 20. Rd1 Ra4
21. a3 Ra5 22. Kf2 Rxe5 23. Bd3 h5 24. Rhe1 Reg5 25. g3 h4 26. g4 Kc7 27. h3
Rd8 28. Be4 Rxd1 29. Rxd1 Rb5 30. b4 a5 31. Bxc6 Kxc6 32. Rd4 axb4 33. axb4 e5
34. Re4 f6 35. f4 Kd6 36. fxe5+ Rxe5 37. Rf4 Ke6 38. Kf3 Rd5 39. Re4+ Kf7 40.
Rc4 Rd3+ 41. Kg2 Ke6 42. Rc7 b5 43. Rc5 Rd5 44. Rc6+ Ke5 45. Rb6 Rd2+ 46. Kf3
Rd3+ 47. Kg2 Rd5 48. Kf3 Rd3+ 49. Kg2 Rd2+ 50. Kf3 Rh2 51. Rxb5+ Ke6 52. Rh5
Rxh3+ 53. Kf4 Rh1 54. g5 Rf1+ 55. Ke3 fxg5 56. Rxg5 Rb1 57. Kf3 Rxb4 1/2-1/2

[Event "East Lansing (MI Op/2/20)"]
[Site "?"]
[Date "1995.??.??"]
[Round "?"]
[White "Walker, LeRoy"]
[Black "Eagle, Chris"]
[Result "0-1"]
[WhiteElo "1900"]
[BlackElo "2155"]
[PlyCount "70"]
[EventDate "1995.??.??"]

{2/(20)} 1. e4 c5 2. Nc3 Nc6 3. Nf3 e6 4. g3 d5 5. exd5 exd5 6. d4 Nf6 7. h3
cxd4 8. Nxd4 Bc5 9. Be3 Qb6 10. Na4 Qa5+ 11. c3 Bxd4 12. Bxd4 Nxd4 13. Qxd4 O-O
14. f3 b6 15. b3 Bd7 16. Nb2 Rac8 17. Nd1 Rfe8+ 18. Kf2 Re7 19. Bd3 Rce8 20. a4
Qc5 21. Ra2 Qd6 22. Re2 Rxe2+ 23. Bxe2 Bxh3 24. g4 Bxg4 25. fxg4 Ne4+ 26. Ke1
Qg3+ 27. Kf1 Qf4+ 28. Ke1 Ng3 29. Rh2 Rxe2+ 30. Rxe2 Qf1+ 31. Kd2 Qxe2+ 32. Kc1
Qa2 33. Nb2 Ne2+ 34. Kc2 Nxd4+ 35. cxd4 Qa1 0-1

[Event "East Lansing (MI Op/5/7)"]
[Site "?"]
[Date "1995.??.??"]
[Round "?"]
[White "Walker, Douglas"]
[Black "LaMar, Frank"]
[Result "0-1"]
[WhiteElo "1885"]
[BlackElo "2170"]
[PlyCount "80"]
[EventDate "1995.??.??"]

{5/(7)} 1. e4 e5 2. Nf3 Nc6 3. Bb5 d6 4. d4 exd4 5. Qxd4 Bd7 6. Bxc6 Bxc6 7. c4
Nf6 8. Nc3 Be7 9. O-O O-O 10. Bg5 h6 11. Bh4 Re8 12. Nd5 Nxd5 13. exd5 Bxh4 14.
dxc6 Bf6 15. Qd5 bxc6 16. Qxc6 Rb8 17. Rab1 Bxb2 18. Rfe1 Rxe1+ 19. Rxe1 a5 20.
h3 Bf6 21. g3 Qc8 22. Kg2 Qb7 23. Qd7 g6 24. Re8+ Rxe8 25. Qxe8+ Kg7 26. Qe2 a4
27. Qd3 Qb2 28. a3 Qc3 29. Qxc3 Bxc3 30. Kf1 Bb2 31. Ne1 Bxa3 32. Nd3 Bc5 33.
Ke2 a3 34. Nc1 Kf6 35. f3 Ke5 36. Kd3 Bf2 37. Kc3 Bxg3 38. Nd3+ Kf5 39. Kb3 Kg5
40. Kxa3 Kh4 0-1

[Event "East Lansing (MI Op/1b/6)"]
[Site "?"]
[Date "1995.??.??"]
[Round "?"]
[White "Walker, Douglas"]
[Black "Gabbara, Faris"]
[Result "1-0"]
[WhiteElo "1885"]
[BlackElo "2200"]
[PlyCount "75"]
[EventDate "1995.??.??"]

1. e4 e5 2. Nf3 Nf6 3. Nxe5 d6 4. Nxf7 Kxf7 5. d4 Be7 6. Bc4+ Be6 7. d5 Bg4 8.
f3 Bh5 9. e5 dxe5 10. d6+ Ke8 11. dxe7 Qxd1+ 12. Kxd1 Kxe7 13. Nc3 c6 14. Bg5
h6 15. Bh4 Nbd7 16. Ke2 g5 17. Bg3 b5 18. Bd3 Kf7 19. Kf2 Bg6 20. Rad1 Rad8 21.
Bxg6+ Kxg6 22. Rd6 Rhf8 23. Rhd1 Kh7 24. Kg1 Rde8 25. Rxd7+ Nxd7 26. Rxd7+ Kg6
27. Ne4 Rd8 28. Rxa7 Rd1+ 29. Kf2 Rc1 30. Bxe5 Rxc2+ 31. Kg3 Kf5 32. Bg7 Rd8
33. Bxh6 Rxb2 34. Rf7+ Ke6 35. Rf6+ Kd5 36. Bxg5 Rc2 37. Rf5+ Ke6 38. Rc5 1-0

[Event "East Lansing (MI Op/2/14)"]
[Site "?"]
[Date "1995.??.??"]
[Round "?"]
[White "Walker, Douglas"]
[Black "Clark, K."]
[Result "0-1"]
[WhiteElo "1885"]
[BlackElo "2055"]
[PlyCount "102"]
[EventDate "1995.??.??"]

{2/(14)} 1. e4 e5 2. Nf3 Nf6 3. Bc4 Nxe4 4. Qe2 d5 5. Nxe5 Be7 6. Nxf7 Kxf7 7.
Qh5+ Kf8 8. Bxd5 Ng5 9. Nc3 Qe8 10. Qe2 c6 11. Be4 Nxe4 12. Nxe4 Qg6 13. O-O
Kf7 14. Qf3+ Qf5 15. Qb3+ Qd5 16. Qf3+ Bf6 17. d3 Rf8 18. c4 Qd8 19. Bg5 Nd7
20. Bf4 Kg8 21. Qg3 Bh4 22. Qe3 Nf6 23. Bd6 Re8 24. c5 Nd5 25. Qd2 Bf5 26. f3
Be7 27. Rae1 Nf6 28. Qf4 Bg6 29. Bxe7 Qd4+ 30. Kh1 Rxe7 31. Nxf6+ Qxf6 32. Qxf6
Rxe1 33. Qxg7+ Kxg7 34. Rxe1 Kf6 35. Kg1 Rd8 36. Kf2 Rxd3 37. a3 Rd2+ 38. Re2
Rxe2+ 39. Kxe2 Ke5 40. Ke3 a5 41. b4 Kd5 42. g4 a4 43. f4 Kc4 44. f5 Bf7 45. h4
Kb3 46. Kd4 Kxa3 47. Kc3 Ka2 48. Kc2 Bb3+ 49. Kc1 Bd5 50. g5 Bf7 51. Kc2 a3 0-1

[Event "East Lansing (MI Op/7/14)"]
[Site "?"]
[Date "1995.??.??"]
[Round "?"]
[White "Walker, Douglas"]
[Black "Bailey, Greg"]
[Result "0-1"]
[WhiteElo "1885"]
[BlackElo "2065"]
[PlyCount "54"]
[EventDate "1995.??.??"]

{7/(14)} 1. e4 c6 2. d4 d5 3. e5 Bf5 4. Nd2 h5 5. Ngf3 e6 6. Nb3 Nd7 7. Bd3 Ne7
8. Ng5 c5 9. Nxc5 Nxc5 10. dxc5 Qc7 11. O-O Bxd3 12. cxd3 Qxc5 13. Be3 Qb5 14.
a4 Qd7 15. Bc5 Nf5 16. Bxf8 Kxf8 17. Qd2 g6 18. f3 h4 19. Rfc1 Kg7 20. Ra3 Rac8
21. Rac3 Rxc3 22. Qxc3 Qxa4 23. Qc7 Qd4+ 24. Kh1 Ng3+ 25. hxg3 hxg3+ 26. Nh3
Rxh3+ 27. gxh3 Qf2 0-1